1431 1920 1469 1751 1310 1900 1177 1211 1229 1355 1625 1903 1911 1831 1236 1798 1204 1235 1703 1639 1674 1393 1205 1766 1210 1441 1318 1900 1422 1248 1970 1325 1764 1848 1547 1478 1025 1071 1476 1666 1959 1521 1451 1505 1151 1531 1801 1295 1417 1029 1630 1184 1379 1887 1092 1541 1659 1328 1484 1984 1588 1756 1371 1952 1194 1753 1489 1479 1193 1724 1918 1337 1327 1688 1498 1445 1185 1474 1253 1344 1407 1271 1033 1765 1116 1513 1753 1611 1514 1890 1970 1098 1537 1710 1999 1236 1151 1302 1258 BCNSPRNW ULIB Ver.6.0+V

เปลี่ยนเป็นภาษาไทย

Change to English
 แสดงรายละเอียดบรรณานุกรม
  กลับหน้าหลัก

Brief Record : Get Marc (ISO 2709) : E-mail record : QR code < ปิดหน้าต่าง
LEADER : 00000nam 2200000uu 4500
001    13399127153
003     ULIB
008    020711s2019 th a 000 0 eng d
020    ^a9780323445337
060    ^aQT104^bN974
245    ^aNursing Key Topics Review: Pathophysiology
250    ^a1st ed
260    ^aLouis, Missouri :^bElsevier,^c2019
300    ^a471 pages;^b26 cm
650    ^aPathophysiology
945    ^p1050^l0^i006340
999    ^aประนอม เกษจรัล
รายการนี้ยังไม่มีแท็ก
คุณยังไม่ได้ล็อกอิน คุณสามารถมีกิจกรรมร่วมกับเว็บไซต์ได้ แต่ต้องล็อกอินก่อน ::
  ล็อกอิน

รายการสื่อสารสนเทศ

ลำดับที่ ประเภท เลขเรียก/บาร์โค้ด สถานที่ สถานะ
1. วิทยาศาสตร์การแพทย์ และสุขภาพ
วิทยาศาสตร์การแพทย์ และสุขภาพ
QT104 N974 ฉ.1 
  Barcode: 006340
ห้องสมุดวิทยาเขตสวรรค์ประชารักษ์
►หนังสือทั่วไป
บนชั้น

รายการใกล้เคียง
    หัวเรื่อง [Pathophysiology]

BibComment


ยังไม่เคยถูกคอมเมนท์

คอมเมนท์ทรัพยากรรายการนี้
  คอมเมนท์: Nursing Key Topi..


 Copyright 2026. Bcnsprnw @Library